00409nam a2200145Ia 450000100060000000800410000602000180004704000130006508200200007810000210009824500840011926000420020330000110024554600070025666438150514s9999 xx 000 0 und d a9780230203631 cPK-LaUMT a616.8917bYAK-W aYakeley, Jessica aWorking with violenceba contemporary psychoanalytic approachcYakeley, Jessica aLondon,UK:bPalgrave Macmillan,c1988 a208 p. aEN